Statistieken voor Tel Tot 10 In Verschillende Talen

Klik hier om de quiz te nemen!

Algemene statistieken

  • Deze quiz is 2.683 keer genomen
  • De gemiddelde score is 40 van 80

Antwoordstatistieken

Taal#Antwoord% Correct
French1Un
98%
Dutch1One
97%
Dutch | French6Six
97%
Dutch7Seven
96%
Dutch2Two
96%
Dutch10Ten
95%
Dutch5Five
95%
Dutch4Four
95%
Dutch3Three
95%
Italian | Swedish3Tre
94%
Dutch9Nine
94%
Dutch8Eight
92%
Italian | Spanish1Uno
91%
Spanish2Dos
89%
Spanish3Tres
87%
Portuguese3Três
87%
German3Drei
84%
French4Quatre
84%
French3Trois
82%
French9Neuf
82%
German4Vier
82%
French2Deux
81%
German2Zwei
80%
German8Acht
80%
French7Sept
79%
French10Dix
79%
German5Fünf
79%
French8Huit
78%
French5Cinq
78%
Portuguese4Quatro
74%
German7Sieben
73%
German1Eins
71%
German9Neun
70%
German6Sechs
63%
German10Zehn
61%
Italian6Sei
51%
Portuguese | Spanish5Cinco
45%
Spanish8Ocho
40%
Portuguese | Spanish6Seis
38%
Italian2Due
37%
Swedish6Sex
36%
Spanish9Nueve
36%
Spanish4Cuatro
33%
Spanish7Siete
32%
Spanish10Diez
31%
Swedish1En
28%
Italian4Quattro
25%
Italian5Cinque
21%
Italian7Sette
19%
Italian8Otto
19%
Italian | Portuguese9Nove
15%
Italian10Dieci
12%
Portuguese7Sete
11%
Polish2Dwa
9%
Swedish5Fem
8%
Portuguese1Um
8%
Portuguese2Dois
8%
Portuguese10Dez
7%
Swedish7Sju
7%
Swedish4Fyra
7%
Swedish2Två
7%
Polish1Jeden
7%
Swedish9Nio
6%
Swedish8Åtta
6%
Polish4Cztery
6%
Portuguese8Oito
6%
Polish5Pięć
6%
Polish3Trzy
6%
Polish8Osiem
6%
Polish7Siedem
6%
Polish6Sześć
6%
Swedish10Tio
6%
Polish10Dziesięć
5%
Polish9Dziewięć
5%

Scoreverdeling

Percentiel versus Aantal Correcte Antwoorden

Procent van Mensen met Elke Score

Uw Scoregeschiedenis

U heeft deze quiz nog niet genomen